Представление документа в формате RUSMARC

ПолеНазваниеЗначение
  Тип записи a
  Библиографический уровень m
001 Контрольный номер RU/CBS_UL/BASE/657aad011cb2459384b9dbf23bf42d1f
005 Дата корректировки 20260130162519.7
010 Индекс ISBN __
d Цена 95 к.
9 Тираж экз.
100 Данные общей обработки __
a Данные общей обработки 20260130d 0rusy0189## ca
101 Язык документа 0_
a Язык текста rus
102 Страна публикации __
a Страна публикации RU
200 Заглавие и сведения об ответственности 1_
a Заглавие Заветные травы
f Первые сведения об ответственности П. С. Массагетов
g Последующие сведения об ответственности вступ. ст. А. Д. Туровой
205 Сведения об издании __
a Основные сведения об издании 2-е изд., доп.
210 Выходные данные 1_
a Место издания Москва
c Издательство Мысль
d Дата издания 1985
215 Физическое описание __
a Объем 208 с.
c Иллюстрации/тип воспроизводства ил.
d Формат см.
300 Общие примечания __
a Общие примечания 16+
300 Общие примечания __
a Общие примечания Под инв. номером 13877: Цс-1, 4-1, 28-1
606 Тематические рубрики 0_
a Основная рубрика Страноведение - Путешествия
606 Тематические рубрики 0_
a Основная рубрика Лекарственные растения дикорастущие
610 Ключевые слова 0_
a Ключевые слова путешествия; растения лекарственные; растения дикорастущие; травы
686 Индексы других классификаций __
2 Код системы rubbk
a Классификационный индекс 26.89(2)
686 Индексы других классификаций __
a Классификационный индекс 42.14
700 Автор _1
a Фамилия Массагетов
b Имя (инициалы) П. С.
g Полное личное имя Питирим Сергеевич
801 Источник записи _0
a Страна RU
b Организация МБУК ЦБС г. Ульяновска
c Дата составления 20260130
g Правила каталогизации RCR
801 Источник записи _1
a Страна RU
b Организация МБУК ЦБС г. Ульяновска
c Дата составления 20260130
g Правила каталогизации RCR
852 Данные о местонахождении __
i Авторский знак М 32
j Шифр хранения 26.89(2)
901 Тип документа __
t Тип документа m
909 Создатель записи __
a Создатель записи obr4
b Дата создания записи 20260130